000 01175naa a22003377a 4500
001 BR7602574
003 BR-BrBNA
005 20240918173832.0
007 ta
008 230509b bl.||||| |||| 00| 0 por d
040 _aBR-BrBNA
_bpor
_cBiblioteca Nacional de Agricultura
041 _a(Pt)
072 _aF25
_b2120
_b3830
_bG514
090 _aF25 BR7602574
100 1 _aGuimaraes, P.T.G.
100 1 _aFreire, F.M.
100 1 _aCarvalho, M.M. de
100 1 _aCarvalho, J.G. de
100 1 _aBraga, J.M.
245 1 _aEnsaio de fontes e niveis de fosforo pouco soluveis para a formacao de cafeeiros em solos de baixa fertilidade [Coffea arabica; Minas Gerais; Brasil]
260 3 _aBelo Horizonte, MG (Brasil):
_c1976.
500 _aProjeto cafe. Relatorio anual 74/75 Belo Horizonte, MG (Brasil): 1976. p. 98-99 (BR7602574-AM)F25
650 _aFertilidade do solo
650 _aCafe
650 _aFertilizante fosfatado
650 _aAdubacao
650 _aMinas Gerais
773 0 _tProjeto cafe. Relatorio anual 74/75
_wF25 BR7602574
_gBelo Horizonte, MG (Brasil), 1976. p. 98-99
909 _a202404
_bLucia
_c55
_dLucia Elande
942 _cAM
_2AGRIS
999 _c307196
_d307196